Dalechampia (Acalyphoideae, Euphorbiaceae) em Pernambuco (Brasil) (Registro n. 337414)
[ somente texto ]
| 000 -LÍDER | |
|---|---|
| fixed length control field | 02590nab a2200277 i 4500 |
| 003 - CÓDIGO MARC DA AGÊNCIA CATALOGADORA | |
| Campo de controle | BR-BrBNA |
| 005 - DATA E HORA DA ÚLTIMA ATUALIZAÇÃO | |
| Campo de controle | 20250731191020.0 |
| 008 - CAMPO DE TAMANHO FIXO | |
| fixed length control field | 250731b2020 bl.ar|pooa||| 00| 0 por | |
| 040 ## - FONTE DA CATALOGAÇÃO | |
| Agência catalogadora | BR-BrBNA |
| Idioma da catalogação | por |
| 072 ## - CATEGORIA AGRIS | |
| Código AGRIS | F70 |
| 100 ## - ENTRADA PRINCIPAL - NOME PESSOAL | |
| Nome pessoal | Pereira-Silva, Rafaela Alves |
| 100 ## - ENTRADA PRINCIPAL - NOME PESSOAL | |
| Nome pessoal | Athiê-Souza, Sarah Maria |
| 100 ## - ENTRADA PRINCIPAL - NOME PESSOAL | |
| Nome pessoal | Secco, Ricardo de Souza |
| 100 ## - ENTRADA PRINCIPAL - NOME PESSOAL | |
| Nome pessoal | Melo, André Laurênio de |
| 100 ## - ENTRADA PRINCIPAL - NOME PESSOAL | |
| Nome pessoal | Sales, Margareth Ferreira de |
| 245 ## - TÍTULO PRINCIPAL | |
| Título principal | Dalechampia (Acalyphoideae, Euphorbiaceae) em Pernambuco (Brasil) |
| 500 ## - NOTA GERAL | |
| Nota geral | Publicação on-line; 27 ref.; 8 illus.; Summaries (En, Pt) |
| 942 ## - ADDED ENTRY ELEMENTS (KOHA) | |
| Koha item type | Analítica |
| 520 ## - NOTA DE RESUMO | |
| Nota de conteúdo | <br/><br/>Resumo<br/><br/>Os limites interespecíficos de diversos táxons de Dalechampia foram analisados e esclarecidos. Foram<br/>reconhecidas 14 espécies para o gênero, dentre as quais dez são endêmicas do Brasil. A maioria apresenta ampla<br/>distribuição, sendo registradas em diversas sub-regiões do estado de Pernambuco, ocorrendo principalmente<br/>na Zona da Mata e no Agreste, em ambientes ensolarados. Os caracteres mais utilizados para a diferenciação<br/>das espécies foram o fomato da folha, da coluna estilar e das estípulas bracteais, além do número de sépalas<br/>pistiladas. Neste trabalho, são fornecidos chave para identificação, descrições, comentários sobre afinidades<br/>morfológicas, distribuição geográfica das espécies e ilustrações.<br/><br/>Palavras-chave: Dalechampiinae, flora, Plukenetieae, taxonomia vegetal.<br/><br/><br/><br/><br/>Abstract<br/><br/>The interspecific limits of several taxa of Dalechampia were analyzed and clarified. Fourteen species were<br/>recognized for the genus, 10 of them endemic to Brazil. Most species are widely distributed and recorded in several<br/>sub-regions of the Pernambuco state, occurring mainly in the Zona da Mata and Agreste, in sunny environments.<br/>The most used characters for differentiation of species were the shape of leaf, stylar column, and bracteal stipules,<br/>plus number of pistillate sepals. In this work, keys for identification, descriptions, comments about morphological<br/>affinities and geographical distribution, and illustrations are provided.<br/><br/>Key words: Dalechampiinae, flora, Plukenetieae, plant taxonomy. |
| 650 ## - ASSUNTO - THESAGRO | |
| Cabeçalho tópico ou nome geográfico | FLORA |
| 650 ## - ASSUNTO - THESAGRO | |
| Cabeçalho tópico ou nome geográfico | TAXONOMIA VEGETAL |
| 650 ## - ASSUNTO - THESAGRO | |
| Cabeçalho tópico ou nome geográfico | EUPHORBIACEAE |
| 773 0# - ENTRADA ANALÍTICA | |
| Host Biblionumber | 709 |
| Registro do item | 353216 |
| Imprenta | Rio de Janeiro-RJ Jardim Botanico do Rio de Janeiro 1935 |
| Outro identificador | 2025-4473 |
| Título | Rodriguésia (Brazil) |
| ISSN | 0370-6583; 2175-7860 on-line |
| Colação | v. 71 p. 1-22; (2020) |
| Número de controle de registro | BR2025003214 |
| 856 ## - ACESSO E ENDEREÇO ELETRÔNICO | |
| Identificador uniforme de recurso - URI | https://www.scielo.br/j/rod/a/KkYfK4GDFXX3FJhKRvVYDqF/?format=pdf&lang=pt |
Nenhum exemplar disponível.

BINAGRI